<?xml version="1.0" encoding="UTF-8"?>
<record
    xmlns:xsi="http://www.w3.org/2001/XMLSchema-instance"
    xsi:schemaLocation="http://www.loc.gov/MARC21/slim http://www.loc.gov/standards/marcxml/schema/MARC21slim.xsd"
    xmlns="http://www.loc.gov/MARC21/slim">

  <leader>010600am a2200241 004500</leader>
  <controlfield tag="003">EG-GiCUC</controlfield>
  <controlfield tag="008">081224s2002    sj     g      000 0 ara d</controlfield>
  <datafield tag="040" ind1=" " ind2=" ">
    <subfield code="a">EG-GiCUC</subfield>
    <subfield code="b">ara</subfield>
    <subfield code="c">EG-GiCUC</subfield>
  </datafield>
  <datafield tag="043" ind1=" " ind2=" ">
    <subfield code="a">f-sj---</subfield>
  </datafield>
  <datafield tag="092" ind1="0" ind2="4">
    <subfield code="a">320.9624</subfield>
    <subfield code="b">I83</subfield>
    <subfield code="2">21</subfield>
  </datafield>
  <datafield tag="099" ind1=" " ind2=" ">
    <subfield code="a">04</subfield>
    <subfield code="a">320.9624 I83</subfield>
  </datafield>
  <datafield tag="100" ind1="1" ind2=" ">
    <subfield code="a">&#x627;&#x633;&#x645;&#x627;&#x639;&#x64A;&#x644; : &#x645;&#x635;&#x637;&#x641;&#x649; &#x639;&#x62B;&#x645;&#x627;&#x646; : </subfield>
    <subfield code="d">1955-</subfield>
  </datafield>
  <datafield tag="245" ind1="1" ind2="0">
    <subfield code="a">&#x62D;&#x62A;&#x649; &#x644;&#x627; &#x64A;&#x633;&#x62A;&#x623;&#x633;&#x62F; &#x627;&#x635;&#x62D;&#x627;&#x628; &#x627;&#x644;&#x63A;&#x64A;&#x631;&#x629; &#x627;&#x644;&#x645;&#x62F;&#x639;&#x627;&#x629;:</subfield>
    <subfield code="b">&#x645;&#x631;&#x627;&#x641;&#x639;&#x627;&#x62A; &#x648;&#x62D;&#x642;&#x627;&#x626;&#x642; &#x645;&#x62C;&#x631;&#x62F;&#x629; &#x62D;&#x648;&#x644; &#x645;&#x648;&#x642;&#x641; &#x627;&#x644;&#x633;&#x648;&#x62F;&#x627;&#x646; &#x645;&#x646; &#x62C;&#x64A;&#x634; &#x627;&#x644;&#x631;&#x628; &#x648;&#x645;&#x648;&#x642;&#x641; &#x64A;&#x648;&#x63A;&#x646;&#x62F;&#x627; &#x641;&#x649; &#x627;&#x644;&#x62F;&#x648;&#x631;&#x629; &#x627;&#x644;&#x633;&#x627;&#x628;&#x639;&#x629; &#x648;&#x627;&#x644;&#x62E;&#x645;&#x633;&#x64A;&#x646;-&#x62C;&#x646;&#x64A;&#x641;/</subfield>
    <subfield code="c">&#x645;&#x635;&#x637;&#x641;&#x649; &#x639;&#x62B;&#x645;&#x627;&#x646; &#x627;&#x633;&#x645;&#x627;&#x639;&#x64A;&#x644;</subfield>
  </datafield>
  <datafield tag="260" ind1=" " ind2=" ">
    <subfield code="a">&#x627;&#x644;&#x633;&#x648;&#x62F;&#x627;&#x646;:</subfield>
    <subfield code="b">&#x62F;&#x627;&#x631; &#x627;&#x644;&#x627;&#x635;&#x627;&#x644;&#x629; &#x644;&#x644;&#x646;&#x634;&#x631;:</subfield>
    <subfield code="c">2002</subfield>
  </datafield>
  <datafield tag="300" ind1=" " ind2=" ">
    <subfield code="a">94&#x635;&#x61B;</subfield>
    <subfield code="c">20&#x633;&#x645;</subfield>
  </datafield>
  <datafield tag="651" ind1=" " ind2="7">
    <subfield code="a">&#x627;&#x644;&#x633;&#x648;&#x62F;&#x627;&#x646;</subfield>
    <subfield code="x">&#x627;&#x62D;&#x648;&#x627;&#x644; &#x633;&#x64A;&#x627;&#x633;&#x64A;&#x629;</subfield>
    <subfield code="2">qrmak</subfield>
  </datafield>
  <datafield tag="651" ind1=" " ind2="7">
    <subfield code="a">&#x627;&#x644;&#x633;&#x648;&#x62F;&#x627;&#x646;</subfield>
    <subfield code="x">&#x627;&#x644;&#x639;&#x644;&#x627;&#x642;&#x627;&#x62A; &#x627;&#x644;&#x62E;&#x627;&#x631;&#x62C;&#x64A;&#x629;</subfield>
    <subfield code="2">qrmak</subfield>
  </datafield>
  <datafield tag="902" ind1=" " ind2=" ">
    <subfield code="a">1</subfield>
  </datafield>
  <datafield tag="905" ind1=" " ind2=" ">
    <subfield code="a">&#x62C;&#x64A;&#x647;&#x627;&#x646;</subfield>
    <subfield code="e">&#x645;&#x631;&#x627;&#x62C;&#x639;</subfield>
  </datafield>
  <datafield tag="905" ind1=" " ind2=" ">
    <subfield code="a">&#x631;&#x636;&#x627;</subfield>
    <subfield code="e">&#x645;&#x62F;&#x62E;&#x644;</subfield>
  </datafield>
  <datafield tag="942" ind1=" " ind2=" ">
    <subfield code="2">ddc</subfield>
    <subfield code="c">BK</subfield>
  </datafield>
  <datafield tag="999" ind1=" " ind2=" ">
    <subfield code="c">110908</subfield>
    <subfield code="d">110908</subfield>
  </datafield>
  <datafield tag="952" ind1=" " ind2=" ">
    <subfield code="2">ddc</subfield>
    <subfield code="7">0</subfield>
    <subfield code="a">CUCL</subfield>
    <subfield code="b">cl220</subfield>
    <subfield code="d">2024-02-11</subfield>
    <subfield code="o">320.9624 I83</subfield>
    <subfield code="p">01000100119301000</subfield>
    <subfield code="r">2023-09-23 00:00:00</subfield>
    <subfield code="t">C.1</subfield>
    <subfield code="y">BK</subfield>
  </datafield>
</record>
